Flows of energy and materials in marine ecosystems : theory and practice
Saved in:
| Other Authors: | |
|---|---|
| Format: | Book |
| Language: | English |
| Published: |
New York :
Plenum ,
1984
|
| Series: | NATO conference series. Marine sciences ;
; 13; IV |
| Subjects: | |
| Tags: |
Add Tag
No Tags, Be the first to tag this record!
|
MARC
| LEADER | 00000cam a2200000 i 4500 | ||
|---|---|---|---|
| 001 | 1/66222 | ||
| 008 | 931019s1984 eng d | ||
| 020 | |a 0-306-41519-4 | ||
| 035 | |a ΛΕΣΒΟΣb10001690 |l 10001690 | ||
| 040 | |a GR-MY-UA |b gre |e aacr | ||
| 041 | 0 | |a eng | |
| 082 | 0 | |a 574.52636 | |
| 245 | 0 | 0 | |a Flows of energy and materials in marine ecosystems : |b theory and practice / |c edited by M. J. R. Fasham |
| 260 | |a New York : |b Plenum , |c 1984 | ||
| 300 | |a 733 p.; |c 25,50 cm. | ||
| 490 | 1 | |a NATO conference series. Marine sciences |v ; 13; IV | |
| 504 | |a Includes bibliographical references and index | ||
| 650 | 0 | 0 | |a Marine ecology |x Congresses. |
| 650 | 0 | 0 | |a Biogeochemical cycles |x Congresses. |
| 650 | 0 | 0 | |a Food chains (Ecology) |x Congresses. |
| 700 | 1 | |a Fasham, M.J.R. |e edt | |
| 830 | 0 | |a NATO conference series. |n IV, |p Marine sciences ; |v ; 13; IV | |
| 852 | |a INST |b LESVOS |e 19931019 |h 574.52636 FLO |p 005100005716 |q 005100005716 |t BK |y 0 | ||
| 909 | |a Λ |b 013070 | ||